Steven universe characters - Statistics

General Stats
  • This quiz has been taken 147 times
  • The average score is 10 of 15
Answer Stats
Hint Answer % Correct
Main character 3 Pearl
98%
Main character 2 Garnet
97%
Main character 4 Amethyst
94%
Father of Steven Gregory Universe
93%
Works at the big dounut Lars
87%
Friend of steven Connie Maheswaran
86%
Steven's pet Lion
81%
Main character 1 Steven Quartz Universe
80%
Works at big dounut Sadie Miller
74%
Always fused Ruby
69%
Always fused Sapphire
66%
Crystal gem Rose Quartz
61%
Fishstew family Kofi Pizza
27%
Fishstew family Nanefua Pizza
18%
Fishstew family Jennifer "Jenny" and Kiki pizza
6%
No matching quizzes found
Score Distribution
Percent of People with Each Score
Percentile by Number Answered
Your Score History
You have not taken this quiz